000 01092nam a2200289 a 4500
001 878
003 BR-CuiBMT
005 20231122033621.0
008 231108s2015 mgba 000 0 por d
020 _a9788545000501
040 _aBR-CuiBMT
_cBR-CuiBMT
080 _22007
_a351.712:502.131.1
090 _a351.712:502.131.1
_bL711
_c2. ed.
245 0 0 _aLicitações e contratações públicas sustentáveis /
_cMurillo Giordan Santos, Teresa Villac, coordenadores ; prefácio José Renato Nalini ; apresentação Fábio Victor da Fonte Monnerat ; [autores Eduardo Fortunato Bim ... et al.].
250 _a2. ed., rev., ampl. e atual.
260 _aBelo Horizonte :
_bFórum,
_c2015.
300 _a335 p. :
_bil. ;
_c22 cm
500 _aVários autores.
504 _aInclui bibliografia.
650 _aLicitação sustentável
_zBrasil
650 _aContratações sustentáveis
_zBrasil
650 _aÉtica ambiental
_zBrasil
700 1 _aSantos, Murillo Giordan
_4coord.
700 1 _aVillac, Teresa
_4coord.
700 1 _aBim, Eduardo Fortunato
_eet al.
_eautores
942 _2udc
_cLV
999 _c878
_d878